00506 a2200145 4500003000400000005001700004008004100021040000900062082001900071100003400090245013300124250001200257260007400269300001700343OSt20240905152445.0240129b |||||||| |||| 00| 0 eng d coclc a894.81bSVAI/M aVaidyar, Mahakavi Moyinkutty  aMahakavi Moyinkutty Vaidyarude Sampoorna Krithikal /cMahakavi Moyinkutty Vaidyar, K.K. Muhammed Abdul Kareem and K. Aboobacker a2nd ed. aMalappuram:bMahakavi Moyinkutty Vaidyar Mappila Kala Academy,c2015. a3V, 2310p. ;